Ilícito (Registro nro. 315134)

Detalles MARC
000 -ENCABEZADO
Número de control [NR] 01005nam a2200289 b 4500
001 - NÚMERO DE CONTROL
control field Mimo0002267133
003 - IDENTIFICADOR DE CONTROL NÚMERO
control field Co-BoUCM
005 - FECHA Y HORA DE LA ÚLTIMA TRANSACCIÓN
control field 20190913084712.0
008 - DE LONGITUD FIJA DE DATOS DE ELEMENTOS - INFORMACIÓN GENERAL
Elementos de longitud fija [NR] 190912s2006 sp | ||| ||spa
015 ## - NUMERO DE BIBLIOGRAFIA NACIONAL [R]
Número de bibliografía nacional [R] MON0710
016 7# - NUMERO DE CONTROL DE AGENCIA BIBLIOGRAFICA NACIONAL [R]
Número de control [NR] bimoBNE20070671677
Fuente [NR] SpMaBN
017 ## - NUMERO DEL REGISTRO DE DERECHOS DE AUTOR O DEL DEPOSITO LEGAL [R]
Número de registro de derechos de autor (“copyright”) [R] B 38045-2006
Agencia que asigna el número [NR] Oficina Depósito Legal Barcelona
020 ## - NUMERO INTERNACIONAL NORMALIZADO PARA LIBROS [R]
Número Internacional Normalizado del libro [NR] 9789586393300
035 ## - NUMERO DE CONTROL DEL SISTEMA [R]
Número de control del sistema [NR] (OCoLC)77559113
040 ## - FUENTE DE CATALOGACION [NR]
Agencia de catalogación original [NR] Co-BoUCM
Idioma de catalogación [NR] spa
Quien Cataloga Saul Niño
Quien Clasifica Saul Niño
041 1# - CODIGO DE IDIOMA [R]
Código de idioma para texto/pista de sonido o título separado [R] Español
Language code of original and/or intermediate translations of text eng
100 1# - ASIENTO PRINCIPAL--NOMBRE PERSONAL [NR]
Nombre personal [NR] Naím, Moisés
Fechas asociadas con el nombre [NR] 1952-
ID Autoridad 86576
245 10 - MENCION DE TITULO [NR]
Título [NR] Ilícito
Parte restante del título [NR] cómo traficantes, contrabandistas y piratas están cambiando el mundo
Mención de responsabilidad, etc. [NR] Moisés Naím ; [traducción, Francisco Ramos]
260 ## - PUBLICACION, DISTRIBUCION, ETC. (PIE DE IMPRENTA) [R]
Lugar de publicación, distribución, etc. [R] Barcelona
Nombre del editor, distribuidor, etc. [R] Debate
Fecha de publicación, distribución, etc. [R] 2006
300 ## - DESCRIPCION FISICA [R]
Extensión [R] 421 páginas
650 #7 - ASIENTO SECUNDARIO DE MATERIA - TERMINO TEMATICO [R]
Término temático o nombre geográfico como elemento de entrada [NR] Delitos internacionales
9 (RLIN) 7489
650 #7 - ASIENTO SECUNDARIO DE MATERIA - TERMINO TEMATICO [R]
Término temático o nombre geográfico como elemento de entrada [NR] Delincuencia
9 (RLIN) 12551
650 #7 - ASIENTO SECUNDARIO DE MATERIA - TERMINO TEMATICO [R]
Término temático o nombre geográfico como elemento de entrada [NR] Globalización
Subdivisión general [R] Aspectos económicos
9 (RLIN) 33475
650 #7 - ASIENTO SECUNDARIO DE MATERIA - TERMINO TEMATICO [R]
Término temático o nombre geográfico como elemento de entrada [NR] Crimen organizado
9 (RLIN) 12141
942 ## - ELEMENTOS DE ENTRADA AGREGADOS (KOHA)
Sistema de clasificación DEWEY
Tema principal Sociología
Tipo de ítem principal el descrito en 300a Libro
Edición 1
Clasificación 364.135
Parte restante de la signatura top. N174i
Existencias
Fecha de último préstamo Total préstamos Signatura topográfica Código de barras Última vez visto Ejemplar Costo de reposición Price effective from Tipo de ítem Nota pública (OPAC) Perdido Sistema de clasificación Dañado No prestable Tipo de ítem específico Suprimido Ubicación habitual Ubicación actual Localización Fecha de creación Proveedor Forma de adquisición Costo
14/05/2026 1 364.135 N174i 100163359 15/05/2026 Ej.1 26000.00 05/09/2019 Libro Spot Criminología e Investigación Criminal   DEWEY     Libro   Claustro Claustro 3er piso 05/09/2019 12 Donación 0.00